000 00406nam a22001577a 4500
003 OSt
005 20220225111757.0
008 220225b |||||||| |||| 00| 0 eng d
020 _a978-84619 992 9
040 _aDDC
_cHU
082 _21ST
_a618.92
_b4
245 _aINTERNATIONAL MATERNAL AND CHILD HEALTH CARE
250 _a1ST
260 _aLONDON
_bRADCLIFFE PUBLISHING LTD
_c2014
942 _2ddc
_cBOOKS
_n0
999 _c31751
_d31751